000 01938nam a2200481 a 4500
001 55407
003 BD-RjUL
005 20211209080248.0
008 161117s1983 xxu ||| b ||1 | eng d
035 _a(BD-RjUL)55530
040 _aericd
_beng
_cericd
_dMvI
_dBD-RjUL
041 _aeng
082 _223
_a304.607016
_bPOP 1983
110 2 _aUnited Nations Educational, Scientific, and Cultural Organization, Bangkok (Thailand). Regional Office for Education in Asia and the Pacific.
_9165053
245 1 0 _aPopulation Education Programme in Asia :
_bWhat Research Says /
_cUnesco
260 _a[Washington, D.C.] :
_bDistributed by ERIC Clearinghouse,
_cc1983.
300 _a187 p.
_c23 cm.
490 _aAbstract- bibliography series
_v4
504 _aInculdes bibliography and index
650 0 7 _aClassroom Research.
_2ericd
_9165039
650 0 7 _aClassroom Techniques.
_2ericd
_9165040
650 0 7 _aCurriculum Development.
_2ericd
_9157415
650 1 7 _aDeveloping Nations.
_2ericd
_9132755
650 0 7 _aDevelopmental Programs.
_2ericd
_9165041
650 0 7 _aElementary Secondary Education.
_2ericd
_9141932
650 1 7 _aEvaluation Methods.
_2ericd
_9165042
650 0 7 _aForeign Countries.
_2ericd
_9165043
650 0 7 _aHigher Education.
_2ericd
_9165044
650 0 7 _aInstructional Materials.
_2ericd
_9165045
650 0 7 _aParent Attitudes.
_2ericd
_9165046
650 0 7 _aPersonnel Evaluation.
_2ericd
_9165047
650 1 7 _aPopulation Education.
_2ericd
_9165048
650 0 7 _aProgram Evaluation.
_2ericd
_9165049
650 1 7 _aResearch Methodology.
_2ericd
_9165050
650 1 7 _aSocial Science Research.
_2ericd
_9149962
650 0 7 _aStudent Attitudes.
_2ericd
_9149531
650 0 7 _aTeacher Attitudes.
_2ericd
_9165051
650 0 7 _aTeacher Education.
_2ericd
_9141936
650 0 7 _aTeaching Methods.
_2ericd
_9149197
653 1 _aAsia
655 7 _aReference Materials, Bibliographies.
_2ericd
_9165054
942 _2ddc
_cBK
999 _c55407
_d55407